| 000 | 01405cam a22001934a 4500 | ||
|---|---|---|---|
| 999 |
_c6548 _d6548 |
||
| 020 | _a0131496980 | ||
| 020 | _a9780131496989 | ||
| 050 | 0 | 0 |
_aQA76.73.J38 _b.G99 |
| 100 | 1 | _aGuzdial, Mark. | |
| 245 | 1 | 0 |
_aIntroduction to computing & programming in Java : _ba multimedia approach / _cMark Guzdial and Barbara Ericson. |
| 260 |
_aUpper Saddle River, N.J. : _bPearson Prentice Hall, _cc2007. |
||
| 300 |
_axxvii, 558 p. : _bill. (chiefly col.) ; _c24 cm. + _e1 CD-ROM (4 3/4 in.) |
||
| 500 | _aIncludes Index | ||
| 505 | _apt. 1. Introduction -- 1. Introduction to computer science and media computation -- 2. Introduction to Java -- 3. Introduction to programming -- pt. 2. Pictures -- 4. Modifying pictures using loops -- 5. Modifying pixels in a matrix -- 6. Conditionally modifying pixels -- 7. Drawing -- pt. 3. Sounds -- 8. Modifying all samples in a sound -- 9. Modifying samples using ranges -- 10. Making sounds by combining pieces -- 11. Creating classes -- pt. 4. Text, files, networks, databases, and unimedia -- 12. Creating and modifying text -- 13. Making text for the Web -- pt. 5. Movies -- 14. Encoding, manipulating, and creating movies -- pt. 6. Topics in computer science -- 15. Speed -- 16. JavaScript : a Web page programming language. | ||
| 650 | 0 | _aJava (Computer program language) | |
| 650 | 0 | _aMultimedia systems. | |
| 700 | 1 | _aEricson, Barbara. | |
| 942 | _cBK | ||